[Event "Calgary int."]
[Site "Calgary CAN"]
[Date "2017.08.07"]
[Round "9.2"]
[White "Becerra Rivero, Julio"]
[Black "Sambuev, Bator"]
[Result "1/2-1/2"]
[WhiteElo "2539"]
[BlackElo "2522"]
[WhiteFideId "-1"]
[WhiteFideId "-1"]
[PlyCount "98"]
[GameId "2160767908347697"]
[EventDate "2017.08.02"]
[EventType "swiss"]
[EventRounds "9"]
[EventCountry "CAN"]
[SourceTitle "10 Days #515"]
[Source "Chess Mix"]
[SourceDate "2017.08.10"]
[SourceVersion "1"]
[SourceVersionDate "2017.08.10"]
[SourceQuality "1"]

1. e4 e6 2. d4 d5 3. Nc3 Bb4 4. e5 c5 5. a3 Bxc3+ 6. bxc3 Ne7 7. h4 Nbc6 8. h5 h6 9. Nf3 Qa5 10. Bd2 Qa4 11. Rh4 c4 12. Rg4 Rg8 13. Qb1 Bd7 14. Rf4 O-O-O 15. Qb2 Rdf8 16. Rb1 b6 17. g4 f6 18. Bh3 fxe5 19. Nxe5 Nxe5 20. dxe5 Nc6 21. Rxf8+ Rxf8 22. f4 Qa5 23. Ke2 d4 24. cxd4 Qd5 25. Be3 Qe4 26. Rg1 Ne7 27. Bg2 Qh7 28. Qc3 Kb8 29. Qxc4 g6 30. Be4 Qf7 31. hxg6 Nxg6 32. f5 Ne7 33. f6 Nd5 34. Bd2 Rc8 35. Qb3 Bc6 36. Bd3 Qd7 37. Rf1 Nc7 38. Qb4 Nb5 39. c3 Qd5 40. f7 a5 41. Qe7 Qg2+ 42. Rf2 Qxg4+ 43. Ke1 Qg1+ 44. Bf1 Qg6 45. Re2 Qg3+ 46. Rf2 Qg6 47. Rf4 Qg3+ 48. Rf2 Qg6 49. Ke2 Qb1 1/2-1/2

[Event "Carnaval"]
[Site "Quebec CAN"]
[Date "2017.02.18"]
[Round "3"]
[White "Berube, Antoine"]
[Black "Sambuev, Bator"]
[Result "0-1"]
[WhiteElo "2239"]
[BlackElo "2584"]
[WhiteFideId "-1"]
[WhiteFideId "-1"]
[PlyCount "104"]
[GameId "2160767739706425"]
[EventDate "2017.02.17"]
[EventType "swiss"]
[EventRounds "5"]
[EventCountry "CAN"]
[TimeControl "900+2"]

1. d4 {[%emt 0:00:00]} d5 2. c4 e6 3. Nf3 c6 4. Qc2 dxc4 5. Qxc4 Nf6 6. g3 b5 7. Qb3 Bb7 8. Bg2 a6 9. a4 Nbd7 10. O-O c5 11. axb5 Bd5 12. Qd1 axb5 13. Rxa8 Qxa8 14. dxc5 Bxc5 15. Nc3 Bc6 16. Nh4 b4 17. Nb5 O-O 18. Bxc6 Qxc6 19. Nd4 Qa6 20. Nb3 Be7 21. Be3 Rd8 22. Qc2 Rc8 23. Qd2 Nd5 24. Ra1 Qd6 25. Ng2 Ne5 26. Rc1 Rxc1+ 27. Qxc1 Qa6 28. Qc2 Qc4 29. Nd4 Nxe3 30. fxe3 Qxc2 31. Nxc2 Nc4 32. b3 Na3 33. Nge1 Kf8 34. Kf2 Ke8 35. e4 Bc5+ 36. e3 Bd6 37. Ke2 Ke7 38. Kd2 Nb1+ 39. Kd3 h5 40. Nf3 f6 41. h3 Bxg3 42. Nxb4 g5 43. e5 g4 44. hxg4 hxg4 45. Ng1 Bxe5 46. Ne2 Na3 47. e4 Bd6 48. Na2 Bc5 49. Nac3 Kd6 50. Nf4 Bg1 51. Ke2 Bd4 52. Na2 Ke5 0-1

[Event "Choc des Generations"]
[Site "Montreal CAN"]
[Date "2017.04.07"]
[Round "1.1"]
[White "Ouellet, Maili-Jade"]
[Black "Libersan, Thierry"]
[Result "1/2-1/2"]
[WhiteElo "1986"]
[BlackElo "2094"]
[WhiteFideId "-1"]
[WhiteFideId "-1"]
[PlyCount "55"]
[GameId "2160767908412171"]
[EventDate "2017.04.07"]
[EventType "schev"]
[EventRounds "5"]
[EventCountry "CAN"]
[SourceTitle "EXT 2022"]
[Source "ChessBase"]
[SourceDate "2021.10.06"]
[SourceVersion "1"]
[SourceVersionDate "2021.10.06"]
[SourceQuality "1"]

1. d4 Nf6 2. c4 g6 3. Nc3 Bg7 4. e4 d6 5. f4 O-O 6. Nf3 c5 7. d5 e6 8. Be2 exd5 9. cxd5 b5 10. e5 dxe5 11. fxe5 Ng4 12. Bg5 Qb6 13. O-O c4+ 14. Kh1 Nd7 15. a4 b4 16. Ne4 Ndxe5 17. Nxe5 Nxe5 18. Be7 Bf5 19. Nd6 Bd3 20. Bxd3 cxd3 21. Qd2 Qd4 22. Nb5 Qxd5 23. Bxf8 Rxf8 24. Qxb4 Nc4 25. Nc7 Qd4 26. Nb5 Qd5 27. Nc7 Qd4 28. Nb5 1/2-1/2

[Event "Choc des Generations"]
[Site "Montreal CAN"]
[Date "2017.04.07"]
[Round "1.3"]
[White "Sambuev, Bator"]
[Black "Durette, Francis"]
[Result "1-0"]
[WhiteElo "2547"]
[BlackElo "2044"]
[WhiteFideId "-1"]
[WhiteFideId "-1"]
[PlyCount "79"]
[GameId "2160767908412173"]
[EventDate "2017.04.07"]
[EventType "schev"]
[EventRounds "5"]
[EventCountry "CAN"]
[SourceTitle "EXT 2022"]
[Source "ChessBase"]
[SourceDate "2021.10.06"]
[SourceVersion "1"]
[SourceVersionDate "2021.10.06"]
[SourceQuality "1"]

1. d4 Nf6 2. c4 g6 3. Nc3 Bg7 4. e4 d6 5. Nf3 O-O 6. Be2 e5 7. O-O exd4 8. Nxd4 Re8 9. f3 Nc6 10. Nc2 Be6 11. Bg5 h6 12. Be3 Ne5 13. b3 a5 14. Qd2 Kh7 15. Nd4 Nc6 16. Nxe6 fxe6 17. Rad1 Qe7 18. f4 Rad8 19. h3 Nd7 20. Bd3 Nc5 21. Bb1 b6 22. Nb5 d5 23. cxd5 exd5 24. e5 Nb4 25. Qc1 c6 26. Nd4 Rc8 27. a3 Nba6 28. f5 Qxe5 29. fxg6+ Kg8 30. Bxh6 Rc7 31. Nf5 Nxb3 32. Bxg7 Nxc1 33. Bxe5 Ne2+ 34. Kf2 Rxe5 35. Rde1 c5 36. Rxe2 Rxe2+ 37. Kxe2 b5 38. Kd2 b4 39. Re1 Kf8 40. g7+ 1-0

[Event "Choc des Generations"]
[Site "Montreal CAN"]
[Date "2017.04.08"]
[Round "2.2"]
[White "Voskanyan, Vahagn"]
[Black "Ouellet, Maili-Jade"]
[Result "1/2-1/2"]
[WhiteElo "2213"]
[BlackElo "1986"]
[WhiteFideId "-1"]
[WhiteFideId "-1"]
[PlyCount "104"]
[GameId "2160767739316830"]
[EventDate "2017.04.07"]
[EventType "schev"]
[EventRounds "5"]
[EventCountry "CAN"]
[WhiteClock "0:04:24"]
[BlackClock "0:07:58"]

1. c4 e6 2. Nf3 d5 3. e3 Nf6 4. b3 c5 5. Bb2 Nc6 6. cxd5 exd5 7. d4 cxd4 8. Nxd4 Bb4+ 9. Bc3 Bxc3+ 10. Nxc3 Qa5 11. Qd2 O-O 12. Be2 Nxd4 13. Qxd4 Bf5 14. O-O Rfd8 15. Rfd1 Rac8 16. b4 Qc7 17. Nb5 Qe7 18. Nxa7 Rc2 19. Rd2 Rxd2 20. Qxd2 Qe5 21. Qd4 Qxd4 22. exd4 Ne4 23. Nb5 Rc8 24. Bd3 Rc6 25. a4 h5 26. Rd1 Bd7 27. Na7 Rc3 28. Nb5 Rb3 29. f3 Nf6 30. Kf2 Rxb4 31. Ra1 Rb2+ 32. Be2 h4 33. Ra3 Nh5 34. Nc3 Bc6 35. a5 Nf4 36. Ra2 Nxe2 37. Rxb2 Nxc3 38. Rb6 Na4 39. Rb3 Kf8 40. Ke3 f6 41. Kf4 g5+ 42. Kg4 Kg7 43. f4 Kg6 44. f5+ Kf7 45. Kh5 Kg7 46. g3 hxg3 47. hxg3 Be8+ 48. Kg4 Kh6 49. Kf3 Bc6 50. Kg4 Kg7 51. Kh5 Be8+ 52. Kg4 Bc6 1/2-1/2

[Event "Choc des Generations"]
[Site "Montreal CAN"]
[Date "2017.04.08"]
[Round "2.3"]
[White "Yu, Zong Yang"]
[Black "Sambuev, Bator"]
[Result "1/2-1/2"]
[WhiteElo "2380"]
[BlackElo "2547"]
[WhiteFideId "-1"]
[WhiteFideId "-1"]
[PlyCount "122"]
[GameId "2160767908412176"]
[EventDate "2017.04.07"]
[EventType "schev"]
[EventRounds "5"]
[EventCountry "CAN"]
[SourceTitle "EXT 2022"]
[Source "ChessBase"]
[SourceDate "2021.10.06"]
[SourceVersion "1"]
[SourceVersionDate "2021.10.06"]
[SourceQuality "1"]

1. d4 d5 2. c4 e6 3. Nf3 c6 4. e3 Bd6 5. Bd3 f5 6. O-O Nf6 7. b3 Qe7 8. Bb2 O-O 9. Nbd2 b6 10. Ne5 Bb7 11. Rc1 Nbd7 12. Rc2 Rac8 13. Qe2 c5 14. Nxd7 Qxd7 15. dxc5 Bxc5 16. Nf3 Qe7 17. Rfc1 Rcd8 18. Rd1 Ne4 19. cxd5 Bxd5 20. Be5 Ng5 21. Nxg5 Qxg5 22. Bg3 h5 23. h4 Qg4 24. Qxg4 hxg4 25. Bb5 Bxb3 26. Rxd8 Bxc2 27. Rd2 Be4 28. Bc4 Re8 29. Rd7 Re7 30. Rxe7 Bxe7 31. Bxe6+ Kf8 32. f3 gxf3 33. gxf3 Bxf3 34. Bxf5 b5 35. e4 b4 36. Kf2 Bh5 37. Be6 Bc5+ 38. Ke1 Ke7 39. Bd5 Be3 40. Be5 g6 41. Bc7 Bg4 42. Ba5 Bc5 43. Kd2 Bh3 44. Kc2 Be6 45. Kd3 Bxd5 46. exd5 Bf2 47. Bxb4+ Kd7 48. Ke4 Bxh4 49. Ke5 Be7 50. Bd2 a6 51. a4 Ba3 52. Bh6 Bb2+ 53. Ke4 Bf6 54. Bd2 Bg7 55. Be1 Bf8 56. Bd2 Bd6 57. Be1 Ke7 58. Bh4+ Kf7 59. Bg5 Be7 60. Bf4 Bf6 61. Bg3 Ke7 1/2-1/2

[Event "Choc des Generations"]
[Site "Montreal CAN"]
[Date "2017.04.08"]
[Round "2.4"]
[White "Durette, Francis"]
[Black "Tremblay, Rejean"]
[Result "1/2-1/2"]
[WhiteElo "2044"]
[BlackElo "2181"]
[WhiteFideId "-1"]
[WhiteFideId "-1"]
[PlyCount "51"]
[GameId "2160767739316831"]
[EventDate "2017.04.07"]
[EventType "schev"]
[EventRounds "5"]
[EventCountry "CAN"]
[WhiteClock "0:34:18"]
[BlackClock "0:59:36"]

1. e4 c5 2. Nf3 d6 3. d4 cxd4 4. Nxd4 Nf6 5. Nc3 a6 6. Bg5 e6 7. Qf3 h6 8. Bxf6 Qxf6 9. Qxf6 gxf6 10. O-O-O Bd7 11. Nb3 b5 12. Na5 Kd8 13. g3 Nc6 14. Nxc6+ Bxc6 15. Bg2 Kc7 16. a3 f5 17. Rhg1 fxe4 18. Bxe4 d5 19. Bd3 Bc5 20. Rgf1 e5 21. Bf5 Rad8 22. b4 Bb6 23. Rd2 Rhe8 24. Rfd1 Bd4 25. Rd3 Rd6 26. f3 1/2-1/2

[Event "Choc des Generations"]
[Site "Montreal CAN"]
[Date "2017.04.08"]
[Round "3.1"]
[White "Libersan, Thierry"]
[Black "Yu, Zong Yang"]
[Result "0-1"]
[WhiteElo "2094"]
[BlackElo "2380"]
[WhiteFideId "-1"]
[WhiteFideId "-1"]
[PlyCount "84"]
[GameId "2160767908412178"]
[EventDate "2017.04.07"]
[EventType "schev"]
[EventRounds "5"]
[EventCountry "CAN"]
[SourceTitle "EXT 2022"]
[Source "ChessBase"]
[SourceDate "2021.10.06"]
[SourceVersion "1"]
[SourceVersionDate "2021.10.06"]
[SourceQuality "1"]

1. d4 Nf6 2. c4 g6 3. Nc3 Bg7 4. e4 d6 5. Nf3 O-O 6. Be2 e5 7. dxe5 dxe5 8. Qxd8 Rxd8 9. Nd5 Nxd5 10. cxd5 c6 11. Bc4 cxd5 12. Bxd5 Nd7 13. Nd2 Nf6 14. Bb3 Bd7 15. f3 Rac8 16. Nf1 a5 17. Bg5 a4 18. Bxf6 Bxf6 19. Bd5 Bg5 20. h4 Bh6 21. g3 Rc2 22. Rh2 Rdc8 23. Rxc2 Rxc2 24. b3 Bb5 25. Bc4 Bxc4 26. bxc4 Rxc4 27. Rb1 Rc3 28. Rxb7 Rxf3 29. Ke2 Rc3 30. Rb5 Rc2+ 31. Kf3 Rxa2 32. Rxe5 a3 33. Ra5 Kg7 34. e5 Kf8 35. Ra7 Bg7 36. Ke4 Bh6 37. Ne3 Bxe3 38. Kxe3 h5 39. Kf4 Ra1 40. Kg5 a2 41. e6 Rf1 42. Rxa2 Kg7 0-1

[Event "Choc des Generations"]
[Site "Montreal CAN"]
[Date "2017.04.08"]
[Round "3.3"]
[White "Ouellet, Maili-Jade"]
[Black "Sambuev, Bator"]
[Result "0-1"]
[WhiteElo "1986"]
[BlackElo "2547"]
[WhiteFideId "-1"]
[WhiteFideId "-1"]
[PlyCount "122"]
[GameId "2160767908412180"]
[EventDate "2017.04.07"]
[EventType "schev"]
[EventRounds "5"]
[EventCountry "CAN"]
[SourceTitle "EXT 2022"]
[Source "ChessBase"]
[SourceDate "2021.10.06"]
[SourceVersion "1"]
[SourceVersionDate "2021.10.06"]
[SourceQuality "1"]

1. d4 Nf6 2. c4 e6 3. Nc3 Bb4 4. Qc2 c5 5. dxc5 Na6 6. a3 Bxc3+ 7. Qxc3 Nxc5 8. b4 Nce4 9. Qd4 d5 10. cxd5 exd5 11. e3 O-O 12. Bd3 a5 13. Bb2 axb4 14. axb4 Rxa1+ 15. Bxa1 Bf5 16. Ne2 Qe7 17. Nf4 Rd8 18. O-O h6 19. Rd1 Bh7 20. Rc1 Ng5 21. Nxd5 Rxd5 22. Rc8+ Qf8 23. Rxf8+ Kxf8 24. Qc4 Rxd3 25. Qc5+ Ke8 26. Qc8+ Rd8 27. Qc1 Nd5 28. Bxg7 Ne6 29. Be5 Nxb4 30. h3 Nd3 31. Qc3 Nxe5 32. Qxe5 Bd3 33. Qh8+ Kd7 34. Qf6 Kc6 35. Qxf7 Nc5 36. Qh5 b5 37. Qxh6+ Rd6 38. Qf8 b4 39. Qe8+ Kb6 40. Qe5 Rd7 41. Qb8+ Rb7 42. Qd8+ Kb5 43. Qe8+ Kc4 44. Qe5 b3 45. Qd4+ Kb5 46. h4 Bc4 47. Qe5 Kb4 48. h5 Nd3 49. Qd6+ Kc3 50. Qd4+ Kd2 51. Qxc4 b2 52. Qa2 Kc3 53. Qa5+ Rb4 54. Qa3+ Kc2 55. Qa2 Nc1 56. Qxb2+ Rxb2 57. g4 Kd3 58. Kg2 Ke4 59. Kg3 Nd3 60. g5 Nxf2 61. g6 Ke5 0-1

[Event "Choc des Generations"]
[Site "Montreal CAN"]
[Date "2017.04.09"]
[Round "4.1"]
[White "Libersan, Thierry"]
[Black "Durette, Francis"]
[Result "1-0"]
[WhiteElo "2094"]
[BlackElo "2044"]
[WhiteFideId "-1"]
[WhiteFideId "-1"]
[PlyCount "181"]
[GameId "2160767908412183"]
[EventDate "2017.04.07"]
[EventType "schev"]
[EventRounds "5"]
[EventCountry "CAN"]
[SourceTitle "EXT 2022"]
[Source "ChessBase"]
[SourceDate "2021.10.06"]
[SourceVersion "1"]
[SourceVersionDate "2021.10.06"]
[SourceQuality "1"]

1. d4 Nf6 2. Bf4 g6 3. Nc3 Bg7 4. Qd2 d6 5. O-O-O O-O 6. Bh6 Nc6 7. Bxg7 Kxg7 8. Nf3 b6 9. e4 Bb7 10. Bb5 Nb4 11. Rhe1 a6 12. Bf1 a5 13. a3 Na6 14. Qf4 Nh5 15. Qe3 Nf6 16. h3 Re8 17. g4 e6 18. Qf4 Qe7 19. e5 Nd5 20. Nxd5 Bxd5 21. Re3 Reb8 22. g5 Bxf3 23. Rxf3 d5 24. h4 b5 25. h5 a4 26. c3 c5 27. Rh3 c4 28. Be2 Kg8 29. Rdh1 Rb7 30. Bd1 b4 31. cxb4 Nxb4 32. axb4 Qxb4 33. Qd2 Qxd2+ 34. Kxd2 Rxb2+ 35. Bc2 Ra7 36. Ra1 Kg7 37. Kc3 a3 38. Kd2 a2 39. Rc3 Kg8 40. Kc1 Rb6 41. f4 Kg7 42. Rh3 Kg8 43. Rh2 Kg7 44. Bd1 Rba6 45. Rb2 Ra8 46. Rb7 Ra3 47. Kb2 R3a5 48. Bc2 R5a6 49. Kc3 Ra3+ 50. Kb2 R3a5 51. h6+ Kg8 52. Kc3 Ra3+ 53. Kb4 R3a6 54. Kb5 Ra3 55. Kc6 Kf8 56. Kc7 Ke7 57. Kc6+ Kf8 58. Kd6 R3a6+ 59. Kd7 Ra3 60. Kc7 Ke7 61. Kb6+ Kf8 62. Kb5 R3a5+ 63. Kb4 Ra3 64. Rb8+ Ke7 65. Rxa8 Rxa8 66. Ba4 Rb8+ 67. Kc3 Rb1 68. Rxa2 Rf1 69. Bc6 Rf3+ 70. Kb4 Rb3+ 71. Kc5 Rb8 72. Ra7+ Kf8 73. Rc7 Rd8 74. Ba4 Ra8 75. Bd7 Rb8 76. Kd6 Rd8 77. Ra7 Kg8 78. Ke7 Rb8 79. Rc7 Ra8 80. Be8 Kh8 81. Bxf7 c3 82. Be8 Rb8 83. Rxc3 Rb7+ 84. Kxe6 Rf7 85. Rc8 Rf8 86. Bd7 Rg8 87. Rxg8+ Kxg8 88. Kxd5 Kf7 89. Kd6 Kf8 90. e6 Kg8 91. e7 1-0

[Event "Choc des Generations"]
[Site "Montreal CAN"]
[Date "2017.04.09"]
[Round "4.2"]
[White "Yu, Zong Yang"]
[Black "Voskanyan, Vahagn"]
[Result "1-0"]
[WhiteElo "2380"]
[BlackElo "2213"]
[WhiteFideId "-1"]
[WhiteFideId "-1"]
[PlyCount "71"]
[GameId "2160767908412184"]
[EventDate "2017.04.07"]
[EventType "schev"]
[EventRounds "5"]
[EventCountry "CAN"]
[SourceTitle "EXT 2022"]
[Source "ChessBase"]
[SourceDate "2021.10.06"]
[SourceVersion "1"]
[SourceVersionDate "2021.10.06"]
[SourceQuality "1"]

1. d4 d5 2. c4 c6 3. Nc3 Nf6 4. Nf3 e6 5. Bg5 h6 6. Bxf6 Qxf6 7. Qb3 Nd7 8. g3 Be7 9. Bg2 O-O 10. O-O Rb8 11. e3 b5 12. cxb5 cxb5 13. Rfc1 b4 14. Na4 Bd6 15. Ne1 Ba6 16. Rc6 Bc4 17. Qc2 Qe7 18. Bf1 b3 19. Qc1 Bxf1 20. Kxf1 bxa2 21. Rxa2 e5 22. Nc3 Nf6 23. Raa6 Bb4 24. dxe5 Qxe5 25. Nf3 Qf5 26. Kg2 Rfc8 27. Nd4 Qd7 28. Nce2 Bf8 29. Rxa7 Qxa7 30. Rxc8 Rb7 31. b4 Rb8 32. Rxb8 Qxb8 33. b5 Bd6 34. Qc6 g6 35. b6 Kg7 36. Nc3 1-0

[Event "Choc des Generations"]
[Site "Montreal CAN"]
[Date "2017.04.09"]
[Round "4.4"]
[White "Tremblay, Rejean"]
[Black "Ouellet, Maili-Jade"]
[Result "1-0"]
[WhiteElo "2181"]
[BlackElo "1986"]
[WhiteFideId "-1"]
[WhiteFideId "-1"]
[PlyCount "87"]
[GameId "2160767908412186"]
[EventDate "2017.04.07"]
[EventType "schev"]
[EventRounds "5"]
[EventCountry "CAN"]
[SourceTitle "EXT 2022"]
[Source "ChessBase"]
[SourceDate "2021.10.06"]
[SourceVersion "1"]
[SourceVersionDate "2021.10.06"]
[SourceQuality "1"]

1. d4 d5 2. c4 e6 3. Nf3 Nf6 4. Nc3 Be7 5. Bf4 O-O 6. e3 Nbd7 7. Be2 dxc4 8. Bxc4 a6 9. Ne5 c5 10. a4 Nb6 11. Bd3 Nbd5 12. Bg5 h6 13. Bh4 cxd4 14. exd4 Nf4 15. O-O Nxd3 16. Qxd3 Nd5 17. Bxe7 Nxe7 18. a5 Bd7 19. Rfd1 Bc6 20. b4 Rc8 21. Rac1 Nd5 22. Nxc6 Rxc6 23. Nxd5 Qxd5 24. Rc5 Rxc5 25. dxc5 Rd8 26. Qxd5 exd5 27. f3 f6 28. Kf2 Kf7 29. Ke3 Ke6 30. Kd4 Ke7 31. Re1+ Kf7 32. b5 axb5 33. Rb1 Rd7 34. Rxb5 Ke8 35. Rb6 Ke7 36. g4 g6 37. h4 Kf7 38. c6 bxc6 39. a6 Rd8 40. Rxc6 Ke7 41. a7 Ra8 42. Ra6 Kd8 43. Kxd5 Kc7 44. Rxf6 1-0

[Event "Choc des Generations"]
[Site "Montreal CAN"]
[Date "2017.04.09"]
[Round "5.1"]
[White "Durette, Francis"]
[Black "Voskanyan, Vahagn"]
[Result "0-1"]
[WhiteElo "2044"]
[BlackElo "2213"]
[WhiteFideId "-1"]
[WhiteFideId "-1"]
[PlyCount "150"]
[GameId "2160767908412188"]
[EventDate "2017.04.07"]
[EventType "schev"]
[EventRounds "5"]
[EventCountry "CAN"]
[SourceTitle "hb 2017"]

1. e4 c6 2. d4 d5 3. exd5 cxd5 4. c4 Nf6 5. Nc3 g6 6. Qb3 Bg7 7. cxd5 O-O 8. Be2 Nbd7 9. Bf3 Nb6 10. Nge2 Bf5 11. O-O Bd3 12. Bf4 Bc4 13. Qc2 Nbxd5 14. Nxd5 Bxd5 15. Qd3 Qb6 16. b3 Rac8 17. Rac1 Qa5 18. Nc3 Bxf3 19. Qxf3 b6 20. Rfe1 e6 21. Be5 Nd7 22. Bxg7 Kxg7 23. d5 exd5 24. Qxd5 Qxd5 25. Nxd5 Rxc1 26. Rxc1 Rd8 27. Rc7 Nc5 28. Ne3 a5 29. Rc6 Rd2 30. a4 Rb2 31. Rxb6 Rb1+ 32. Nf1 Ne4 33. f3 Nd2 34. Kf2 Nxf1 35. Rb5 Nd2 36. Rxa5 Rxb3 37. Ra8 Ra3 38. a5 Nc4 39. a6 Nb6 40. Ra7 Kf6 41. Kg3 h6 42. h3 Ke6 43. h4 h5 44. Kf2 Nd5 45. Ra8 Nc7 46. Rc8 Nxa6 47. g4 Nb4 48. gxh5 gxh5 49. Kg3 Nd5 50. Rc6+ Ke5 51. Rc8 Ke6 52. Rc6+ Ke7 53. Rc5 Kd6 54. Rc8 f5 55. Rd8+ Ke6 56. Re8+ Kf7 57. Re5 Ne7 58. Rb5 Ra4 59. Rb7 f4+ 60. Kg2 Ra5 61. Rc7 Kf6 62. Rc1 Nf5 63. Kh3 Ra3 64. Rf1 Nd4 65. Kg2 Rxf3 66. Rxf3 Nxf3 67. Kxf3 Kf5 68. Kf2 Kg4 69. Kg2 Kxh4 70. Kf3 Kg5 71. Kf2 Kg4 72. Kg2 f3+ 73. Kf2 Kf4 74. Kf1 Ke3 75. Ke1 f2+ 0-1

[Event "Choc des Generations"]
[Site "Montreal CAN"]
[Date "2017.04.09"]
[Round "5.2"]
[White "Yu, Zong Yang"]
[Black "Tremblay, Rejean"]
[Result "1-0"]
[WhiteElo "2380"]
[BlackElo "2181"]
[WhiteFideId "-1"]
[WhiteFideId "-1"]
[PlyCount "91"]
[GameId "2160767908412189"]
[EventDate "2017.04.07"]
[EventType "schev"]
[EventRounds "5"]
[EventCountry "CAN"]
[SourceTitle "hb 2017"]

1. d4 Nf6 2. Nf3 g6 3. c4 Bg7 4. Nc3 O-O 5. e4 d6 6. Be2 e5 7. O-O Nc6 8. d5 Ne7 9. Bg5 h6 10. Bxf6 Bxf6 11. b4 Bg7 12. c5 f5 13. Nd2 Bd7 14. Nc4 Rf6 15. a4 Nc8 16. a5 Qf8 17. b5 Rb8 18. Qb3 Rf7 19. b6 axb6 20. axb6 cxb6 21. cxb6 f4 22. Nb5 h5 23. Ra3 Qe7 24. Nc7 Kh7 25. Rfa1 Qg5 26. Kh1 Qh4 27. Kg1 Qg5 28. Qd1 Bf8 29. Bf1 Qd8 30. Ne6 Qe7 31. Ra8 Rxa8 32. Rxa8 Bh6 33. Rb8 Bxe6 34. dxe6 Rf8 35. Qd5 Nxb6 36. Qxb7 Nc8 37. Qd5 Bg7 38. Rb7 Qg5 39. Rc7 f3 40. g3 Ne7 41. Qxd6 Bf6 42. h4 Qc1 43. Rxe7+ Kg8 44. Rb7 Ra8 45. Rb8+ Kh7 46. Rxa8 1-0

[Event "Eastern Ontario op"]
[Site "Ottawa CAN"]
[Date "2017.06.23"]
[Round "1"]
[White "Demchenko, Svitlana"]
[Black "Xu, Daniel"]
[Result "1-0"]
[WhiteElo "2003"]
[BlackElo "1764"]
[WhiteFideId "-1"]
[WhiteFideId "-1"]
[PlyCount "91"]
[GameId "2160767908410935"]
[EventDate "2017.06.23"]
[EventType "swiss"]
[EventRounds "5"]
[EventCountry "CAN"]
[SourceTitle "EXT 2022"]
[Source "ChessBase"]
[SourceDate "2021.10.06"]
[SourceVersion "1"]
[SourceVersionDate "2021.10.06"]
[SourceQuality "1"]

1. d4 d5 2. Nf3 Nf6 3. Bf4 Bf5 4. e3 e6 5. c4 Bxb1 6. Rxb1 Bb4+ 7. Ke2 Bd6 8. Qa4+ c6 9. Bxd6 Qxd6 10. c5 Qc7 11. g3 Nbd7 12. Bg2 O-O 13. Rhc1 e5 14. Kf1 e4 15. Nd2 Nh5 16. f4 f5 17. Kg1 Nhf6 18. b4 a6 19. Qb3 Rfb8 20. a4 g6 21. Rb2 Kg7 22. b5 axb5 23. axb5 Qa5 24. h3 Ne8 25. Rcc2 Qd8 26. Ra2 Rxa2 27. Rxa2 Ra8 28. b6 Qb8 29. Ra4 Nef6 30. Qa3 Rxa4 31. Qxa4 Kf7 32. Nb3 Ke7 33. Bf1 g5 34. Qa7 gxf4 35. gxf4 Kd8 36. Be2 Kc8 37. Kf2 Nf8 38. Qa1 Ng6 39. Nd2 Kd7 40. Qa7 Kc8 41. Nf1 Ng8 42. Ng3 N8e7 43. Bh5 Nf8 44. Nxf5 Nxf5 45. Bg4 h5 46. Bxf5+ 1-0

[Event "Eastern Ontario op"]
[Site "Ottawa CAN"]
[Date "2017.06.23"]
[Round "1"]
[White "Doubleday, William"]
[Black "Mahdjoubi, Abdelaziz"]
[Result "1-0"]
[WhiteElo "2028"]
[BlackElo "1950"]
[WhiteFideId "-1"]
[WhiteFideId "-1"]
[PlyCount "41"]
[GameId "2160767908410936"]
[EventDate "2017.06.23"]
[EventType "swiss"]
[EventRounds "5"]
[EventCountry "CAN"]
[SourceTitle "EXT 2022"]
[Source "ChessBase"]
[SourceDate "2021.10.06"]
[SourceVersion "1"]
[SourceVersionDate "2021.10.06"]
[SourceQuality "1"]

1. d4 Nf6 2. c4 e5 3. dxe5 Ng4 4. Bf4 Bb4+ 5. Nd2 d6 6. exd6 Qf6 7. Nh3 Nxf2 8. Nxf2 Qxf4 9. dxc7 Nc6 10. Nd3 Qh4+ 11. g3 Qe4 12. Nf2 Qe3 13. a3 Bc5 14. Nd3 Bd4 15. Nf3 O-O 16. Qd2 Qe7 17. Nf4 Be3 18. Qc3 Bg4 19. Nd5 Qd7 20. Qxe3 Rfe8 21. Qc3 1-0

[Event "Eastern Ontario op"]
[Site "Ottawa CAN"]
[Date "2017.06.23"]
[Round "1"]
[White "Gordon, David"]
[Black "Kuttner, Simon"]
[Result "1-0"]
[WhiteElo "2315"]
[BlackElo "2063"]
[WhiteFideId "-1"]
[WhiteFideId "-1"]
[PlyCount "76"]
[GameId "2160767908410937"]
[EventDate "2017.06.23"]
[EventType "swiss"]
[EventRounds "5"]
[EventCountry "CAN"]
[SourceTitle "EXT 2022"]
[Source "ChessBase"]
[SourceDate "2021.10.06"]
[SourceVersion "1"]
[SourceVersionDate "2021.10.06"]
[SourceQuality "1"]

1. d4 d5 2. Bf4 Nf6 3. e3 e6 4. Nf3 Be7 5. Bd3 O-O 6. O-O Nbd7 7. Nbd2 c5 8. c3 b6 9. Ne5 Bb7 10. Qf3 Re8 11. Qh3 Nf8 12. Ndf3 N6d7 13. Qh5 g6 14. Qh6 Bf6 15. Bb5 Bg7 16. Qh3 f6 17. Nxd7 Nxd7 18. Bd6 a6 19. Bxd7 Qxd7 20. dxc5 bxc5 21. Bxc5 Qb5 22. b4 e5 23. a4 Qc6 24. Nd2 a5 25. Nb3 axb4 26. cxb4 Rxa4 27. Na5 Rxa1 28. Rxa1 Qb5 29. Nxb7 Qxb7 30. Ra7 Ra8 31. Qe6+ Kh8 32. h3 Qb8 33. Rd7 e4 34. g4 Qb5 35. Qxd5 Ra1+ 36. Kh2 Rh1+ 37. Kg3 Rxh3+ 38. Kg2 Rh4 1-0

[Event "Eastern Ontario op"]
[Site "Ottawa CAN"]
[Date "2017.06.23"]
[Round "1"]
[White "Peterson, Curtis"]
[Black "Valdizon, Armando"]
[Result "0-1"]
[WhiteElo "1975"]
[BlackElo "2102"]
[WhiteFideId "-1"]
[WhiteFideId "-1"]
[PlyCount "80"]
[GameId "2160767908410938"]
[EventDate "2017.06.23"]
[EventType "swiss"]
[EventRounds "5"]
[EventCountry "CAN"]
[SourceTitle "EXT 2022"]
[Source "ChessBase"]
[SourceDate "2021.10.06"]
[SourceVersion "1"]
[SourceVersionDate "2021.10.06"]
[SourceQuality "1"]

1. e4 c5 2. Nc3 Nc6 3. Bb5 e6 4. Bxc6 bxc6 5. d3 d5 6. f4 Rb8 7. Nf3 Be7 8. O-O Nf6 9. Qe2 O-O 10. e5 Ne8 11. Nd1 f6 12. c4 Nc7 13. b3 a5 14. Nc3 Na6 15. Ba3 Nb4 16. Rad1 d4 17. Na4 f5 18. Rb1 Bd7 19. Bc1 Be8 20. a3 Na6 21. Qe1 Ra8 22. Rf2 Bh5 23. Ng5 Bf7 24. Ra2 h6 25. Nh3 Qc7 26. Bd2 Nb8 27. Nf2 Nd7 28. Rbb2 Bh5 29. h3 Ra7 30. Nh1 g5 31. b4 axb4 32. axb4 Rfa8 33. Ng3 Bf7 34. Qa1 cxb4 35. c5 gxf4 36. Ne2 Qxe5 37. Bxf4 Qd5 38. Rxb4 e5 39. Bxh6 Qxa2 40. Qe1 Qe6 0-1